[Event "AUTO-MASTER-498"]
[Site "http://www.queenalice.com/game.php?id=430440"]
[Date "2008.7.9"]
[Round "2"]
[White "Novidade"]
[Black "VictorJara"]
[Result "0-1"]
[WhiteElo "2148"]
[BlackElo "2261"]

1. e4 e6 2. d4 d5 3. Nc3 Bb4 4. e5 c5 5. a3 Ba5 6. b4 cxd4 7. Nb5 Bc7 8. f4 Bd7
9. Nf3 Bxb5 10. Bxb5+ Nc6 11. O-O Ne7 12. Bd3 Nf5 13. Bxf5 exf5 14. Bb2 Qd7 0-1

[Event "AUTO-MASTER-498"]
[Site "http://www.queenalice.com/game.php?id=430443"]
[Date "2008.7.9"]
[Round "2"]
[White "Novidade"]
[Black "flajoao"]
[Result "1-0"]
[WhiteElo "2123"]
[BlackElo "1807"]

1. e4 e5 2. f4 exf4 3. Nf3 g5 4. Bc4 g4 5. Ne5 Qh4+ 6. Kf1 Nh6 7. d4 d6 8. Nd3
f3 9. g3 Qf6 10. Nf4 c6 11. Kf2 Nd7 12. Re1 1-0

[Event "AUTO-MASTER-498"]
[Site "http://www.queenalice.com/game.php?id=430444"]
[Date "2008.7.9"]
[Round "2"]
[White "flajoao"]
[Black "Novidade"]
[Result "0-1"]
[WhiteElo "1804"]
[BlackElo "2126"]

1. e4 e6 2. d4 d5 3. exd5 exd5 4. Bd3 Nf6 5. Nf3 Be7 6. O-O O-O 7. Bg5 Be6 8.
Nc3 Nbd7 9. Re1 c5 10. dxc5 Nxc5 11. Nd4 Qd7 12. Qe2 Rac8 0-1

[Event "AUTO-MASTER-629"]
[Site "http://www.queenalice.com/game.php?id=473539"]
[Date "2008.10.6"]
[Round "1"]
[White "Ribar"]
[Black "Novidade"]
[Result "1-0"]
[WhiteElo "2110"]
[BlackElo "2019"]

1. c4 e6 2. Nf3 d5 3. cxd5 exd5 4. g3 Bd6 5. Bg2 Nf6 6. O-O O-O 7. d3 c5 8. Bg5
Nc6 9. Nc3 Be6 10. e4 Be7 11. e5 Nd7 12. Bxe7 Qxe7 13. Re1 d4 14. Nb1 1-0

[Event "AUTO-MASTER-629"]
[Site "http://www.queenalice.com/game.php?id=473540"]
[Date "2008.10.6"]
[Round "1"]
[White "Novidade"]
[Black "Ribar"]
[Result "0-1"]
[WhiteElo "2104"]
[BlackElo "2059"]

1. e4 g6 2. h4 d5 3. exd5 Nf6 4. d4 Qxd5 5. Nc3 Qa5 6. Bd2 Qb6 7. Nf3 Bg7 8. Bc4
O-O 9. Qe2 Bg4 10. h5 Nxh5 11. Nd5 e6 0-1

[Event "AUTO-MASTER-629"]
[Site "http://www.queenalice.com/game.php?id=473557"]
[Date "2008.10.6"]
[Round "1"]
[White "Novidade"]
[Black "anandya"]
[Result "0-1"]
[WhiteElo "2007"]
[BlackElo "1897"]

1. e4 e5 2. f4 exf4 3. Nf3 Nf6 4. e5 Ng8 5. d4 d6 6. Bxf4 Nc6 7. Bb5 Bd7 8. Nc3
a6 9. Qe2 axb5 10. exd6+ Be7 11. dxe7 Ngxe7 12. Nxb5 Rc8 13. O-O-O O-O 14. d5
Nb4 0-1

[Event "AUTO-MASTER-629"]
[Site "http://www.queenalice.com/game.php?id=473558"]
[Date "2008.10.6"]
[Round "1"]
[White "anandya"]
[Black "Novidade"]
[Result "1-0"]
[WhiteElo "1861"]
[BlackElo "2042"]

1. e4 e6 2. Nf3 d5 3. exd5 exd5 4. d4 Bd6 5. Nc3 Nf6 6. Bd3 Nc6 7. Be3 h6 8. h3
O-O 9. O-O a6 10. Ne2 Nb4 11. a3 Nxd3 12. Qxd3 1-0

[Event "AUTO-MASTER-629"]
[Site "http://www.queenalice.com/game.php?id=473559"]
[Date "2008.10.6"]
[Round "1"]
[White "Novidade"]
[Black "Chris93"]
[Result "0-1"]
[WhiteElo "1962"]
[BlackElo "2071"]

1. e4 d5 2. exd5 Nf6 3. d4 Nxd5 4. Nf3 Bg4 5. c4 Nf6 6. Be2 e6 7. O-O Nc6 8. Nc3
Bd6 9. Be3 O-O 10. h3 Bh5 0-1

[Event "AUTO-MASTER-629"]
[Site "http://www.queenalice.com/game.php?id=473560"]
[Date "2008.10.6"]
[Round "1"]
[White "Chris93"]
[Black "Novidade"]
[Result "1-0"]
[WhiteElo "2098"]
[BlackElo "1950"]

1. e4 c5 2. c3 Qa5 3. Na3 Nc6 4. Nc4 Qc7 5. Nf3 e6 6. d4 d5 7. exd5 exd5 8. Nce5
cxd4 9. Nxc6 bxc6 10. Qxd4 Nf6 11. Bd3 Bd6 12. Bg5 1-0

[Event "AUTO-MASTER-630"]
[Site "http://www.queenalice.com/game.php?id=473706"]
[Date "2008.10.7"]
[Round "1"]
[White "GMkozakov"]
[Black "Novidade"]
[Result "1-0"]
[WhiteElo "2331"]
[BlackElo "1964"]

1. d4 Nf6 2. c4 c5 3. d5 b5 4. cxb5 a6 5. bxa6 Bxa6 6. Nc3 d6 7. Nf3 g6 8. e4
Bxf1 9. Kxf1 Bg7 10. g3 O-O 11. a4 Nbd7 12. Kg2 Qb6 13. Qc2 c4 14. Be3 1-0

[Event "AUTO-MASTER-630"]
[Site "http://www.queenalice.com/game.php?id=473707"]
[Date "2008.10.7"]
[Round "1"]
[White "Novidade"]
[Black "GMkozakov"]
[Result "0-1"]
[WhiteElo "1987"]
[BlackElo "2292"]

1. e4 c5 2. Nf3 d6 3. Bb5+ Bd7 4. Bxd7+ Qxd7 5. O-O Nf6 6. e5 Ng4 7. exd6 e6 8.
d4 Bxd6 9. dxc5 Bxc5 10. Qe2 Qc7 11. Nc3 Nc6 12. h3 Nd4 0-1

[Event "AUTO-MASTER-630"]
[Site "http://www.queenalice.com/game.php?id=473714"]
[Date "2008.10.7"]
[Round "1"]
[White "Novidade"]
[Black "dhoang"]
[Result "0-1"]
[WhiteElo "1928"]
[BlackElo "2031"]

1. e4 e5 2. f4 d6 3. Nf3 Nc6 4. Nc3 Bg4 5. Bb5 Qd7 6. d3 Nf6 7. h3 Bxf3 8. Qxf3
a6 9. Bxc6 Qxc6 10. Be3 Be7 11. g4 h6 12. O-O-O O-O-O 13. g5 hxg5 14. fxg5 Nh7
0-1

[Event "AUTO-MASTER-630"]
[Site "http://www.queenalice.com/game.php?id=473715"]
[Date "2008.10.7"]
[Round "1"]
[White "dhoang"]
[Black "Novidade"]
[Result "1-0"]
[WhiteElo "2016"]
[BlackElo "1983"]

1. e4 c5 2. Nf3 d6 3. d4 cxd4 4. Nxd4 Nf6 5. Nc3 g6 6. Be3 Bg7 7. Bb5+ Bd7 8.
Qd3 a6 9. Bxd7+ Nbxd7 10. O-O Nc5 11. Qe2 Ncxe4 12. Nxe4 Nxe4 13. c3 O-O 14. f3
Nf6 15. Rad1 1-0

[Event "AUTO-MASTER-499"]
[Site "http://www.queenalice.com/game.php?id=489358"]
[Date "2008.11.7"]
[Round "2"]
[White "Novidade"]
[Black "Bruscato"]
[Result "0-1"]
[WhiteElo "1916"]
[BlackElo "2302"]

1. e4 e6 2. d4 d5 3. Nd2 dxe4 4. Nxe4 Nf6 5. Bd3 Nbd7 6. Nxf6+ gxf6 7. Ne2 f5 8.
O-O Bd6 9. Nf4 Qh4 10. g3 Rg8 11. Kh1 Qf6 12. c3 Be7 13. Re1 Nb6 0-1